Słówka włoski - Statystyki

Ogólne statystyki
  • Ten quiz został rozwiązany 50 razy
    6 od ostatniego zresetowania
  • Średni wynik to 17 z 36
Statystyki odpowiedzi
Polski Włoski % Poprawnych
rok anno
80%
praca lavoro
80%
miesiąc mese
80%
dużo molto
80%
dzisiaj oggi
80%
dobrze bene
60%
jutro domani
60%
głód fame
60%
wczoraj ieri
60%
nic niente
60%
zawsze sempre
60%
tydzień settimana
60%
od razu/natychmiast subito
60%
czas / pogoda tempo
60%
pewnie certo
40%
niedziela Domenica
40%
może forse
40%
czwartek Giovedì
40%
poniedziałek Lunedì
40%
nigdy mai
40%
źle male
40%
wtorek Martedì
40%
środa Mercoledì
40%
mało poco
40%
ktoś qualcuno
40%
sobota Sabato
40%
pragnienie sete
40%
dziś wieczorem stasera
40%
wszyscy tutti
40%
szybko veloce
40%
piątek Venerdì
40%
wystarczająco abbastanza
20%
jeszcze ancora
20%
jutro rano domattina
20%
dzisiaj po południu oggi pomeriggio
0%
powoli piano
0%
Nie znaleziono quizów pasujących do podanych kryteriów
Rozkład punktacji
Procent ludzi z każdym wynikiem
Percentyl według liczby udzielonych odpowiedzi
Twoja historia wyników
Nie rozwiązałeś tego quizu od ostatniego zresetowania